Budúcnosťou sociálnej demokracie je rovnosť príležitostí Wolfgang Merkel, politológ

Bibliographic Details
Main Authors: Polák, Michal, 1976- (Author, Interviewer), Merkel, Wolfgan (Author)
Format: Article
Language:Slovak
PhysicalDescription:Fotogr.
ISSN:1335-468X
Subjects:

MARC

LEADER 00000nab a2200000 ar4500
001 vtls008955322
003 SK-MaSNL
005 20260303070339.0
008 070314c2007 xo wr|p|||||||000 b|slo
015 |a SNBRB2007/03  |2 snkbucl 
040 |a SNKBUCL  |b slo  |c SNKBUCL  |e AACR2 
041 0 |a slo 
044 |a xo  |c SK 
080 |a 364-146.2  |2 2001 
080 |a 321.7  |2 2001 
080 |a 32.001  |2 2001 
080 |a 316.423.6  |2 2001 
100 1 |a Polák, Michal,  |d 1976-  |4 ivr  |4 aut  |9 103722 
245 1 0 |a Budúcnosťou sociálnej demokracie je rovnosť príležitostí  |b Wolfgang Merkel, politológ  |c s hosťom Slova sa zhováral Michal Polák 
300 |b Fotogr. 
650 0 7 |a sociálna demokracia  |2 snkbucl  |9 4827 
650 0 7 |a sociálny štát  |2 snkbucl  |9 3719 
650 0 7 |a rovnosť príležitostí  |2 snkbucl  |9 74990 
700 1 |a Merkel, Wolfgan  |4 ive  |4 aut  |9 1067670 
773 0 |t Slovo : spoločensko-politický týždenník  |g Roč. IX, č. 5 (2007), s. 6-7  |x 1335-468X 
852 |a SNK  |b KIS3GCP 
999 |c 1754987  |d 1756917